000
00211 a2200097 4500
001
46695
100
_a
Gurney G
245
_a
Great air battles
260
_a
New York
_b
Franklin watts
_c
090
_c
29792
_d
29792
942
_a
NUST-CAE
_c
M
_c
21993
999
_c
281768
_d
281768